The reckoning / (Record no. 5954)

MARC details
000 -LEADER
fixed length control field 02176cam a2200397Ka 4500
001 - CONTROL NUMBER
control field 216285
003 - CONTROL NUMBER IDENTIFIER
control field GBCCL
005 - DATE AND TIME OF LATEST TRANSACTION
control field 20241126110553.0
008 - FIXED-LENGTH DATA ELEMENTS--GENERAL INFORMATION
fixed length control field 080904t20081998mnu 000 1 eng
020 ## - INTERNATIONAL STANDARD BOOK NUMBER
International Standard Book Number 9780764204654
020 ## - INTERNATIONAL STANDARD BOOK NUMBER
International Standard Book Number 0764204653
035 ## - SYSTEM CONTROL NUMBER
System control number (OCoLC)ocn245263369
035 ## - SYSTEM CONTROL NUMBER
System control number (OCoLC)245263369
040 ## - CATALOGING SOURCE
Original cataloging agency KAY
Language of cataloging eng
Transcribing agency KAY
Modifying agency KAY
-- YDXCP
-- IK2
-- Z87
-- EYM
-- OCLCQ
-- BDX
-- LBB
043 ## -
-- n-us-pa
049 ## -
-- LBBK
050 14 -
-- PS3562.E9383
-- R43 1998
082 04 - DEWEY DECIMAL CLASSIFICATION NUMBER
Classification number 813.54
Edition information 22
Item number LEW
090 ## - LOCALLY ASSIGNED LC-TYPE CALL NUMBER (OCLC); LOCAL CALL NUMBER (RLIN)
Classification number (OCLC) (R) ; Classification number, CALL (RLIN) (NR) PX10
Local cutter number (OCLC) ; Book number/undivided call number, CALL (RLIN) L5851 H4251 v.3
100 1# - MAIN ENTRY--PERSONAL NAME
Personal name Lewis, Beverly,
Dates associated with a name 1949-
9 (RLIN) 4141
245 14 - TITLE STATEMENT
Title The reckoning /
Statement of responsibility, etc. by Beverly Lewis.
250 ## - EDITION STATEMENT
Edition statement Repackaged ed.
260 ## - PUBLICATION, DISTRIBUTION, ETC.
Place of publication, distribution, etc. Minneapolis, MN :
Name of publisher, distributor, etc. Bethany House,
Date of publication, distribution, etc. 2008, c1998.
300 ## - PHYSICAL DESCRIPTION
Extent 283 p. ;
Dimensions 22 cm.
490 1# - SERIES STATEMENT
Series statement Heritage of Lancaster County ;
Volume/sequential designation bk. 3
500 ## - GENERAL NOTE
General note Edition statement from publisher web site.
520 ## - SUMMARY, ETC.
Summary, etc. Katherine Mayfield, the new Mistress of Mayfield Manor, always dreamed of a fancy "English" life. But as the seasons pass, she finds herself grieving the loss of her Amish family and dearest friend, Mary Stolzfus. Shunned from the Plain life she once knew, Katherine finds solace in volunteer work with hospice patients--a labor of love she hopes will bring honor to the memory of her birth mother. Unknown to Katherine, her long-lost love, Daniel Fisher, is desperate to locate his "Sweetheart girl," only to be frustrated at nearly every turn. Meanwhile, she delights in the modern world--once forbidden--cherishing the attention of Justin Wirth, her handsome suitor. Her childhood entwined with Daniel's, yet her present life far removed from Lancaster County, Katherine longs for the peace that reigned in her mother's heart. And once again, she is compelled to face the heritage of her past.
520 ## - SUMMARY, ETC.
Summary, etc. Christian Library of Lancaster Collection.
650 #0 - SUBJECT ADDED ENTRY--TOPICAL TERM
Topical term or geographic name entry element Amish
Form subdivision Fiction.
9 (RLIN) 4153
651 #0 - SUBJECT ADDED ENTRY--GEOGRAPHIC NAME
Geographic name Lancaster County (Pa.)
Form subdivision Fiction.
9 (RLIN) 4154
655 #7 - INDEX TERM--GENRE/FORM
Genre/form data or focus term Christian fiction.
9 (RLIN) 256
655 #7 - INDEX TERM--GENRE/FORM
Genre/form data or focus term Domestic fiction.
9 (RLIN) 4147
800 1# -
-- Lewis, Beverly,
-- 1949-
-- Heritage of Lancaster County ;
-- #3.
-- 10766
856 42 - ELECTRONIC LOCATION AND ACCESS
Public note Author web site
Uniform Resource Identifier <a href="http://www.beverlylewis.com">http://www.beverlylewis.com</a>
942 ## - ADDED ENTRY ELEMENTS (KOHA)
Source of classification or shelving scheme Dewey Decimal Classification
Koha item type Books
Holdings
Withdrawn status Lost status Source of classification or shelving scheme Damaged status Not for loan Home library Current Library Shelving location Date acquired Total checkouts Full call number Barcode Date last seen Copy number Price effective from Koha item type
    Dewey Decimal Classification     GRACE BIBLE COLLEGE GRACE BIBLE COLLEGE General Studies 2018-04-18   813.54 LEW 008828 2025-05-01 c.1 2018-04-18 Books
© Grace Bible College Library 2025